000 00908nam a2200265 i 4500
001 C2-0344106
003 PPAK
005 20180728145107.0
008 171212s2016 my o|||| ||||| | eng d
020 _a9789674122928
040 _aPPAK
_beng
_cPPAK
_erda
082 0 4 _a333.911509595
_223
090 0 0 _a333.911509595
_bCHA
_dG
100 1 _aChan, Chiang Heng,
_eauthor
245 1 0 _aWater quality & treatment :
_bthe Malaysian scenario
264 1 _aBangi, Selangor :
_bPenerbit Universiti Kebangsaan Malaysia ,
_c2016
300 _a169 pages :
_bphotographs ;
_c23 cm
336 _2rdacontent
_atext
337 _2rdamedia
_aunmediated
338 _2rdacarrier
_avolume
500 _aIncludes bibliographical references pages 163-164 and index.
650 1 0 _aWater quality - Malaysia. ; Water quality management - Malaysia. ; Water - Pollution - Malaysia.
700 _eauthor
942 _ddc
_cB
999 _c140865
_d140865